Escritura material

Gespeichert in:
Bibliographische Detailangaben
1. Verfasser: Zurita, Raúl (VerfasserIn)
Format: Buch
Sprache:Spanisch
Englisch
Veröffentlicht: Santiago Facultad de Arquitectura, Arte y Diseño Universidad Diego Portales 2015
Ausgabe:1a. ed
Schlagworte:
Tags: Tag hinzufügen
Keine Tags, Fügen Sie den ersten Tag hinzu!

MARC

LEADER 00000cam a2200000 a 4500
001 UCE6243
003 CL-VaPUC
008 150402e20150000cl |||||||||||||||||spa|d
020 |a 9789569131370 
041 0 7 |a spa  |2 CL-VaPUC 
041 0 7 |a eng  |2 CL-VaPUC 
082 0 4 |a Ch861  |b ZUR  |2 21 
100 |a Zurita, Raúl  |e author  |9 458976 
245 1 0 |a Escritura material 
246 1 0 |a Tangible writing 
250 |a 1a. ed 
300 |a 100 p 
942 |c BK 
945 |d 20150402 11:08:00  |a dcastane 
260 |a Santiago  |b Facultad de Arquitectura, Arte y Diseño Universidad Diego Portales  |c 2015 
650 0 |a Poesías chilenas   |9 265280 
650 0 |a Literatura chilena   |9 308278 
583 |a last modification  |c 20150402 11:08:00  |k Rodrigo Vera 
999 |c 358622  |d 358620 
952 |0 0  |1 0  |2 ddc  |3 erb  |4 0  |6 CH_861_000000000000000_ZUR_2015  |7 0  |8 A  |9 467457  |a BIBART  |b BIBART  |i 5143748  |l 11  |o Ch861 ZUR 2015  |p 5143748  |r 2025-03-13  |s 2024-08-21  |w 2019-11-23  |y BK  |z Catalogado en:20150402  |k ART